|
|
|
|
| LEADER |
00000nam2a2200000 4500 |
| 001 |
168407 |
| 005 |
20231031163113.0 |
| 035 |
|
|
|a (RuTPU)RU\TPU\book\182719
|
| 090 |
|
|
|a 168407
|
| 100 |
|
|
|a 20091028d1958 m y0rusy50 ca
|
| 101 |
0 |
|
|a rus
|
| 102 |
|
|
|a RU
|
| 105 |
|
|
|a a z 001zy
|
| 200 |
0 |
|
|a Т. 2 : Региональная тектоника нефтеносных областей СССР
|
| 210 |
|
|
|d 1958
|
| 215 |
|
|
|a 614 с.
|c ил.
|
| 320 |
|
|
|a Библиогр.: с.581-608.
|
| 461 |
|
1 |
|0 (RuTPU)RU\TPU\book\192286
|t Тектоника нефтеносных областей
|o в 2 т.
|f под ред. Ю. А. Косыгина
|v Т. 2 : Региональная тектоника нефтеносных областей СССР
|d 1958
|
| 610 |
1 |
|
|a нефтеносные районы
|
| 610 |
1 |
|
|a тектоника
|
| 610 |
1 |
|
|a Русская платформа
|
| 610 |
1 |
|
|a Сибирская платформа
|
| 610 |
1 |
|
|a Западно-Сибирская плита
|
| 610 |
1 |
|
|a Ферганская долина
|
| 610 |
1 |
|
|a таджикская впадина
|
| 610 |
1 |
|
|a Бухаро-Хивинская степь
|
| 610 |
1 |
|
|a Илийская впадина
|
| 610 |
1 |
|
|a Альпийская геосинклинальная область
|
| 610 |
1 |
|
|a Карпаты
|
| 610 |
1 |
|
|a Предкарпатье
|
| 610 |
1 |
|
|a Крым
|
| 610 |
1 |
|
|a Предкавказье
|
| 610 |
1 |
|
|a Куринская впадина
|
| 610 |
1 |
|
|a палеозой
|
| 610 |
1 |
|
|a мезозой
|
| 610 |
1 |
|
|a нефть
|
| 675 |
|
|
|a 553.982
|v 3
|
| 675 |
|
|
|a 551.24
|v 3
|
| 801 |
|
1 |
|a RU
|b 63413507
|c 20091028
|
| 801 |
|
2 |
|a RU
|b 63413507
|c 20220602
|g RCR
|
| 942 |
|
|
|c BK
|